000 00452nam a2200169Ia 4500
008 090711s9999 xx 000 0 und d
082 _b74040
100 _aप्रभावळकर दिलीप
245 _aझूम
260 _c1994
300 _a128
600 _aप्रभावळकर दिलीप
630 _aझूम
700 _aप्रभावळकर दिलीप
730 _aझूम
942 _cBOOK
999 _c308316
_d308316